| 000 | 00917nam a2200229 i 4500 | ||
|---|---|---|---|
| 001 | 54201 | ||
| 003 | ES-MaACL | ||
| 005 | 20230906162920.0 | ||
| 007 | t| | ||
| 008 | 960717s1870 fr a ||||1| spa d | ||
| 040 |
_aCAM _bspa _cCAM |
||
| 100 | 0 |
_aPhilidor, François-André Danican. _991657 |
|
| 245 | 1 | 0 |
_aAnálisis del juego de ajedrez _b: con una nueva anotación compendiada y láminas ... / _cpor A.D. Filidor ; traducción de C. de Algarra. |
| 250 | _aNueva ed. aum. con un tratado de estratagemas. | ||
| 260 |
_aParis : _bLibreria de Rosa y Bouret, _c1870 ( _fImp. Simon Bacon y comp.) |
||
| 300 |
_aXVIII, 301 p. : _bil. ; _c17 cm. |
||
| 530 | _aDisponible en formato digital. | ||
| 650 | 4 |
_aAjedrez- _xColecciones de partidas. _9168421 |
|
| 700 | 1 |
_aAlgarra, C. de. _919884 |
|
| 852 |
_aES-MaACL _jD-2216 |
||
| 856 |
_uhttp://bdh-rd.bne.es/viewer.vm?id=0000091547&page=1 _zBiblioteca Digital Hispánica |
||
| 999 |
_c54201 _d54201 |
||